Report of the study team on rural employment (Record no. 495530)

000 -LEADER
fixed length control field 00370cam a22001097a 4500
008 - FIXED-LENGTH DATA ELEMENTS--GENERAL INFORMATION
fixed length control field 180718b1979 xxu||||| |||| 00| 0 eng d
082 ## - DEWEY DECIMAL CLASSIFICATION NUMBER
Classification number R11x54 In2r
245 ## - TITLE STATEMENT
Title Report of the study team on rural employment
Statement of responsibility, etc. by Ministry of Rural Reconstruction
260 ## - PUBLICATION, DISTRIBUTION, ETC.
Place of publication, distribution, etc. New Delhi
Name of publisher, distributor, etc. Government of India
Date of publication, distribution, etc. 1979
300 ## - PHYSICAL DESCRIPTION
Extent viii, 67p
700 ## - ADDED ENTRY--PERSONAL NAME
Personal name India. Ministry of Rural Reconstruction
Holdings
Withdrawn status Lost status Damaged status Not for loan Permanent Location Current Location Date acquired Full call number Barcode Date last seen Price effective from Koha item type
        Indian Institute of Public Administration Indian Institute of Public Administration 2018-08-04 R11x54 In2r GG18646 2018-08-04 2018-08-04 GG

Powered by Koha